000 00746 a2200265 4500
260 _aParis
630 _a65 - Gestion et organisation de lindustrie, du commerce, de la communication et des transports
037 _b2, Achat
650 _a6 - SCIENCES APPLIQUEES
100 _aChandler, Alfred D. Jr.
260 _bLes Editions d'Organisation
245 _aOrganisation et performance des entreprises : tome 1, Les USA (1880-1948)
300 _a429 p.
650 _aEntreprise : organisation
260 _c1992
300 _b21cm
100 _lFr
440 _aCollection <<Les classiques EO>>
037 _aDe 6887
037 _aDe 6888
020 _a0-674-78994-6
020 _a2-7081-1157-4
999 _c41121
_d41121